Ο ρόλος της περιβαλλοντικής επικοινωνίας και εκπαίδευσης στην διαβούλευση και επίλυση περιβαλλοντικών συγκρούσεων

Αποθηκεύτηκε σε:
Λεπτομέρειες βιβλιογραφικής εγγραφής
Κύριος συγγραφέας: Μαραζίδης, Χρήστος
Συγγραφή απο Οργανισμό/Αρχή: Πανεπιστήμιο Αιγαίου Σχολή Περιβάλλοντος Τμήμα Περιβάλλοντος Πρόγραμμα Μεταπτυχιακών Σπουδών Γεωργία και Περιβάλλον
Άλλοι συγγραφείς: Τσαμπούκου-Σκαναβή, Κωνσταντίνα (Εισηγητής διατριβής)
Μορφή: Thesis Βιβλίο
Γλώσσα:Greek
Δημοσίευση: 2009
Θέματα:
Διαθέσιμο Online:http://hdl.handle.net/11610/15409
Ετικέτες: Προσθήκη ετικέτας
Δεν υπάρχουν, Καταχωρήστε ετικέτα πρώτοι!

MARC

LEADER 00000cam a2200000 i 4500
001 1/8153
008 100608s2009 gre d
035 |l 10108148 
040 |a GR-MY-UA  |b gre  |e aacr 
041 0 |a gre 
082 0 |a 363.7  |2 (22) 
100 1 |a Μαραζίδης, Χρήστος. 
245 1 2 |a Ο ρόλος της περιβαλλοντικής επικοινωνίας και εκπαίδευσης στην διαβούλευση και επίλυση περιβαλλοντικών συγκρούσεων /  |c Χρήστος Μαραζίδης ; υπεύθυνος καθηγητής: Κωνσταντίνα Τσαμπούκου-Σκαναβή 
260 |c 2009 
300 |a 70 σ.;  |c 30 εκ. 
500 |a Βιβλιογραφία: σ. 57-70 
502 |a Διατριβή (μεταπτυχιακή) – Πανεπιστήμιο Αιγαίου, Λέσβος, 2009. 
650 0 0 |a Environmental protection  |x Citizen participation. 
650 0 0 |a Environmental education. 
650 0 0 |a Environmental ethics. 
650 0 0 |a Environmental protection  |x Social aspects. 
650 0 0 |a Dissertations, Academic  |z Greece. 
700 1 |a Τσαμπούκου-Σκαναβή, Κωνσταντίνα.  |4 ths 
710 2 |a Πανεπιστήμιο Αιγαίου  |b Σχολή Περιβάλλοντος  |b Τμήμα Περιβάλλοντος  |b Πρόγραμμα Μεταπτυχιακών Σπουδών Γεωργία και Περιβάλλον. 
852 |a INST  |b LESVOS  |c DIATR  |e 20100608  |h 319  |p 005100047690  |q 005100047690  |t MTXE  |y 23 
852 |a INST  |b LESVOS  |c DIATR  |e 20100608  |h 320  |p 005100047691  |q 005100047691  |t MTXE  |y 23 
856 |u http://hdl.handle.net/11610/15409 
901 |a BIBL1-2010-2 
909 |a Λ  |b 164585 
909 |a Λ  |b 164586 
924 |a ΜΑΡΑΖΙΔΗΣ  |b ΧΡΗΣΤΟΣ  |y ΛΕΣΒΟΣ  |z 2010-11 
970 |a ΤΖΑΦΕΡΗ  |b ΕΥΑΓΓΕΛΙΑ  |z 2010/06/08